|
|
|
|
| LEADER |
00000nam a2200000 a 4500 |
| 001 |
vtls008580730 |
| 003 |
SK-MaSNL |
| 005 |
20260301075859.0 |
| 008 |
240318s2005 xr a d p 101 0 cze |
| 020 |
|
|
|a 8025106039
|q (brož.)
|
| 040 |
|
|
|a SNK
|b slo
|c SNK
|e AACR2
|
| 041 |
0 |
|
|a cze
|
| 044 |
|
|
|a xr
|c CZ
|
| 072 |
|
7 |
|a 33
|x Ekonómia
|2 Konspekt
|
| 080 |
|
|
|a 330.101.542
|2 2001
|
| 080 |
|
|
|a (075.8)
|2 2001
|
| 100 |
1 |
|
|a Tuleja, Pavel,
|d 1971-
|4 aut
|9 52928
|
| 245 |
1 |
0 |
|a Základy mikroekonómie
|b [učebnice pro ekonomické a obchodně podnikatelské fakulty]
|c Pavel Tuleja, Pavel Nezval, Ingrid Majerová
|
| 250 |
|
|
|a 1. vyd.
|
| 260 |
|
|
|a Brno
|b CP Books
|c 2005
|
| 300 |
|
|
|a vii, 262 s.
|b sch.
|c 23 cm
|
| 490 |
1 |
|
|a Vysokoškolské učebnice
|
| 500 |
|
|
|a V 1. dotlači 1. vyd. r. 2007 zmena názvu vydavateľa: Computer Press, a.s.
|
| 650 |
0 |
7 |
|a mikroekonómia
|2 SNKPH
|9 2313
|
| 650 |
0 |
7 |
|a Microeconomics
|2 SNKPHeng
|9 319360
|
| 655 |
|
7 |
|a učebnice vysokých škôl
|2 SNKPH
|9 70191
|
| 655 |
|
7 |
|a Textbooks (higher)
|2 SNKPHeng
|9 276436
|
| 700 |
1 |
|
|a Nezval, Pavel,
|d 1948-
|4 aut
|9 108823
|
| 700 |
1 |
|
|a Majerová, Ingrid,
|d 1971-
|4 aut
|9 108822
|
| 830 |
|
0 |
|a Vysokoškolské učebnice
|9 277152
|
| 919 |
|
|
|a 80-251-0603-9
|
| 999 |
|
|
|c 651539
|d 653469
|
| 952 |
|
|
|t snkMIK 33
|a SNKUST
|b SNKUST
|y PREZ
|7 0
|p 17A0509862
|o snkIC 135709
|i snk2007/24515
|8 3
|g 13.24
|0 0
|1 0
|4 0
|d 2007-11-13
|l 0
|r 2025-04-29 00:00:00
|w 2026-02-23
|